Leisure and tourism GNVQ : intermediate tutor resource pack

Saved in:
Bibliographic Details
Other Authors: Trigg, Peter (Editor)
Format: Book
Language:English
Published: Oxford : Butterworth-Heinemann, c1995.
Subjects:
Tags: Add Tag
No Tags, Be the first to tag this record!

MARC

LEADER 00000cam a2200000 i 4500
001 1/67799
008 981022s1995 enk| ||| |||| ||eng||
020 |a 0750621567 
035 |l 10030077 
040 |a GR-MyUa  |b gre  |e AACR2 
041 0 |a eng 
082 7 |a 338.4791   |2 (22) 
245 0 0 |a Leisure and tourism GNVQ :   |b intermediate tutor resource pack /   |c edited by Peter Trigg. 
260 |a Oxford :   |b Butterworth-Heinemann,   |c c1995. 
300 |a ix, 168 σ. :   |b εικ. ;   |c 32 εκ.  
650 0 |a Tourism. 
700 1 |a Trigg, Peter,  |e edt 
852 |a INST  |b CHIOS  |e 19981022  |h 338.4791 JON  |p 005200015450  |q 005200015450  |t BK  |y 0 
901 |a BIBL-1998-3 
922 |a 2ΔΩΡ  |b 199810  |c ΤΔΕ  |d GLORYBOOK-ECONOMIST